Possibilities of Using Maxima to Generate Multi-State Models and Their Solutions

Využívanie aktuárskych modelov v poisťovníctve, ktoré sú založené na stochastických procesoch. Možnosti použitia open source systému Maxima na generovanie viacstavových Markovovských modelov, ktoré sú vo forme systému diferenciálnych rovníc s počiatočnými podmienkami a riešenie tohto systému v uvede...

Descrizione completa

Salvato in:
Dettagli Bibliografici
Autore principale: Fecenko, Jozef
Altri autori: Škrovánková, Lea, 1954-
Natura: Capitolo di libro
Lingua:slovacco
Soggetti:
Tags: Aggiungi Tag
Nessun Tag, puoi essere il primo ad aggiungerne!!

MARC

LEADER 00000naa$a2200000$$$4500
001 0250328
005 20240502074018.3
041 0 |a slo 
044 |a SK 
245 1 0 |a Possibilities of Using Maxima to Generate Multi-State Models and Their Solutions  |c Jozef Fecenko, Lea Škrovánková 
520 |a Využívanie aktuárskych modelov v poisťovníctve, ktoré sú založené na stochastických procesoch. Možnosti použitia open source systému Maxima na generovanie viacstavových Markovovských modelov, ktoré sú vo forme systému diferenciálnych rovníc s počiatočnými podmienkami a riešenie tohto systému v uvedenom systéme Maxima. 
610 2 0 |a poisťovníctvo 
610 2 0 |a modelovanie 
610 2 0 |a modely stochastické 
610 2 0 |a matematika poistná 
610 2 0 |a pravdepodobnosť 
100 1 |a Fecenko, Jozef 
700 1 |a Škrovánková, Lea, 1954-